Obálka Náhled e-knihy:
Epub
Pro půjčování e-knih musíte být přihlášeni.
Jak si půjčit online?

Obrazy z dějin národa českého /

Obrazy z dějin národa českého měly být historicky věrným zobrazením českých dějin. Z původně plánovaných 7 svazků vznikly pouze 2 a část 3. dílu. První díl zpracovává události od nejstarších dob po dobu knížete Soběslava I. Konkrétně je zde zobrazeno stěhování národů, Sámova říše, Velkomoravská říše...

Celý popis

Uloženo v:
Hlavní autor: Vančura, Vladislav (Autor)
Médium: E-kniha
Jazyk:Czech
Vydáno: Praha : Artis, 2023
Tagy:
Žádné tagy
LEADER 01459nam a22002297i 4500
001 311922
007 ta
008 260601s2023 xr ||||| |||| 00| 0 cze d
020 |a 9990003751256 
044 |a xr 
100 1 |a  Vančura, Vladislav  |4 aut 
245 1 0 |a Obrazy z dějin národa českého /  |c  Vančura, Vladislav 
264 1 |a Praha :  |b Artis,  |c 2023 
300 |a 1 online zdroj (266 stran) 
336 |a text  |b txt  |2 rdacontent 
337 |a bez média  |b n  |2 rdamedia 
338 |a online zdroj  |b cr  |2 rdacarrier 
520 2 |a Obrazy z dějin národa českého měly být historicky věrným zobrazením českých dějin. Z původně plánovaných 7 svazků vznikly pouze 2 a část 3. dílu. První díl zpracovává události od nejstarších dob po dobu knížete Soběslava I. Konkrétně je zde zobrazeno stěhování národů, Sámova říše, Velkomoravská říše, vznik českého státu spojený s prvními Přemyslovci, dále vláda dalších panovníků, například Boleslava III., Břetislava I. a Soběslava I. Zvláštní kapitola je věnována Kosmovi. 
910 |a RBIT002 
998 |d 375125  |a https://core.palmknihy.cz/api/books/375125/cover?rtf0sg  |b https://core.palmknihy.cz/api/books/375125/cover/400?rtf0sg  |c https://core.palmknihy.cz/api/books/375125/cover/50?rtf0sg  |e 2099-12-01  |g 266  |i 9990003751256  |j https://core.palmknihy.cz/api/books/375125/preview.epub  |l   |q 49  |r 1  |s https://www.palmknihy.cz/kniha/375125  |t ebook  |y 2023  |z 1 
999 |d 311920